Score 0/34 Timer 05:00
3 Plays Today
% Correct
Jungle
93.1%
Jessica
92.5%
Jones's
92%
Just
91.9%
Jump
91.6%
Jackson
91.4%
Jumping
89.5%
Jersey
89.1%
Jazz
88.9%
Jean
87%
Junior
86.8%
John's
84.9%
Jacket
84.4%
Jack
83%
Jacques
83%
Joan
82.9%
Joe's
82.9%
% Correct
Joker's
81.5%
John
78.1%
Joel
76.1%
Joshua
75%
Jessy
74.9%
Jane
73.8%
Juan
73.7%
Jason
71.8%
Joe
70.2%
Jamal
67.2%
Juniper
66.7%
James
66.5%
Jacob
63%
Jay
51.9%
Jim
50%
Josiah
45.9%
José
21.8%
Remove Ads.
Support Sporcle.
Get the best of Sporcle when you Go Orange. This ad-free experience offers more features, more stats, and more fun while also helping to support Sporcle. Thank you for becoming a member.

You're not logged in!

Compare scores with friends on all Sporcle quizzes.
OR
Log In

Show Comments

Extras

Top Quizzes Today


Score Distribution

Your Account Isn't Verified!

In order to create a playlist on Sporcle, you need to verify the email address you used during registration. Go to your Sporcle Settings to finish the process.

Report this User

Report this user for behavior that violates our Community Guidelines.

Details: